000 01148nam a2200301 a 4500
001 000015298
005 20200929164015.0
008 100204k19931994sp 000 f spa d
020 _a8475063918
020 _a8475063977
020 _a8475063985
020 _a8475063993
020 _a8475064000
020 _a847506390x
040 _aDO-SdBNP
_bspa
_cBNPHU
082 _a863.5
_bP438n
100 1 _aPérez Galdós, Benito,
_d1843-1920
_93681
245 1 0 _aNovelas /
_cBenito Pérez Galdós ; editor Manuel Arroyo Sthephens.
260 _aMadrid :
_bTuner Libros,
_c1993-1994.
300 _a12 v ;
_c23 cm.
500 _aLa biblioteca posee los primeros seis volúmenes.
505 0 _gv. 1.
_tLa sombra. La fontana de oro. El audaz --
_gv. 2.
_tDoña perfecta. Gloria. Marianela --
_gv. 3.
_tLa familia de León Roch. La desheredada --
_gv. 4.
_tEl amigo manso. El doctor Centeno. Tormento --
_gv. 5.
_tLa de bringas. Lo prohibido --
_gv. 6.
_tFortunata y Jacinta.
650 4 _aNovela española
_91123
650 4 _aLiteratura española
_ySIGLO XIX
_93067
700 1 _aArroyo Stephens, Manuel ,
_eed.
_934595
910 _aWM
049 _aBNGR
999 _c14864
_d14864